| 000 | 00592nam a2200205 a 4500 | ||
|---|---|---|---|
| 005 | 20140310183440.0 | ||
| 008 | 080423s19uu xx 00 eng d | ||
| 020 | _a978418029074 | ||
| 050 |
_aRJ 131 _b.Al496 2007 |
||
| 100 | _aAllen, Eileen K. | ||
| 245 |
_aDevelopmental profiles : _bpre-birth through twelve / _cK. Eileen Allen. |
||
| 250 | _a5th ed. | ||
| 260 |
_aAustralia : _bThomson Delmar Learning, _c2007. |
||
| 300 |
_a299 p. : _bill. col ; _c23 cm. |
||
| 521 | _aPSYCH | ||
| 650 | _aChild development. | ||
| 700 | _aMarotz, Lynn R. | ||
| 942 |
_cBK _2lcc _kFOR |
||
| 999 |
_c23078 _d23078 |
||